=LDR 00000nam 2200000 4500 =001 INLIS000000000042935 =005 20131008015740 =008 ***********************************ing** =035 ##$$0010-101300000000857 =041 ##$$a ing =082 ##$$a 828.83 =090 ##$$a 828.83, bre h =100 ##$$a brett, rosalind =245 ##$$a Hotel mirador, Rosalind brett =850 ##$$a NBPNMAT